00537nam a22001577a 450000500170000001000150001702000260003203500140005803700130007208200120008510000130009724501120011026000310022227001040025330000220035720191114142810.0 aENG-126897 a9789386761446c995.00 aEN-110429 bDBAD/PUB a628.109 aJibraeil aWater management system in the desert region of Rajasthan :cby Jibraeilbthirteenth-eighteenth centuries / aNew DelhibAne Booksc2018 a4821, Parwana Bhawan, 1st Floor, 24 Ansari RoadbDarya Ganj, New Delhie110002mkapoor@anebooks.com axx;197.c22cm(Hb)